[Event "Eu Blitz Ch"]
[Site "Panormo GRE"]
[Date "2002.10.03"]
[Round "13"]
[White "Van Wely,L"]
[Black "Volkov,S"]
[Result "1-0"]
[WhiteElo "2681"]
[BlackElo "2642"]

1.d4 d5 2.c4 c6 3.Nc3 Nf6 4.Nf3 a6 5.cxd5 cxd5 6.Bg5 Nc6 7.e3 Bg4 8.Bd3 e6
9.h3 Bh5 10.a3 Be7 11.Rc1 O-O 12.g4 Bg6 13.Bxg6 hxg6 14.Qd3 Rc8 15.Bxf6 Bxf6
16.h4 e5 17.dxe5 Nxe5 18.Nxe5 Bxe5 19.f4 d4 20.Ne2 Rxc1+ 21.Nxc1 Bc7 22.Qxd4 Qxd4
23.exd4 Bxf4 24.Ne2 Rc8 25.Rh3 Bc1 26.Kd1 Bxb2 27.Rb3 Ba1 28.Kd2 Rc4 29.Rb1 Bxd4
30.Kd3 Ra4 31.Nxd4 Rxa3+ 32.Ke4 b5 33.Rc1 b4 34.Rc8+ Kh7 35.Rb8 a5 36.Nf3 f6
37.Nd4 Rh3 38.Nf3 Rh1 39.g5 Rb1 40.Nd4 Rh1 41.Nf3 Rh3 42.Rb5 Rg3 43.Rxa5 Rg4+
44.Ke3 Kg8 45.Rd5 Kf7 46.Rd4 Rxd4 47.Nxd4 Ke8 48.Ke4 Kd7 49.Kd5 f5 50.Nb3 Ke7
51.Nc5 Kf7 52.Kc4 Ke7 53.Nd3 Kd6 54.Nf4 Ke5 55.Nxg6+ Ke6 56.h5 f4 57.Nxf4+ Kf5
58.g6 Kg5 59.Kc5 Kh6 60.Kd6 Kg5 61.Ke7 Kh6 62.Kf7 Kg5 63.Kg8 Kf5 64.Kxg7 Kg4
65.h6 Kf5 66.h7 Kg4 67.Kf6 Kf3 68.Ne6 Ke4 69.g7 Kd3  1-0

[Event "Eu Blitz Ch"]
[Site "Panormo GRE"]
[Date "2002.10.03"]
[Round "19"]
[White "Banikas,H"]
[Black "Nielsen,PH"]
[Result "1/2-1/2"]
[WhiteElo "2520"]
[BlackElo "2620"]

1.d4 d5 2.c4 c6 3.Nf3 Nf6 4.Nc3 a6 5.cxd5 cxd5 6.Bf4 Nc6 7.e3 Bg4 8.h3 Bxf3
9.Qxf3 e6 10.Bd3 Bd6 11.Bg5 h6 12.Bh4 Be7 13.O-O O-O 14.Rac1 Rc8 15.Bb1 b5
16.Rfd1 Nd7 17.Bg3 Nb6 18.e4 g6 19.exd5 exd5 20.Ne2 Bf6 21.Nf4 Nxd4 22.Qg4 Rxc1
23.Rxc1 Qd7 24.Qxd7 Nxd7 25.Rc7 Nb6 26.b3 Be5 27.Rb7 Bxf4 28.Bxf4 Ne2+ 29.Kh2 Nxf4
30.Rxb6 Rc8 31.g3 Rc1 32.gxf4 Rxb1 33.Rxa6 Rb2 34.Kg3 d4 35.Rd6 Rxa2 36.Rxd4 Rc2
37.f3 Rc5 38.Rd8+ Kg7 39.Rb8  1/2-1/2

[Event "6th Final RUS Cup"]
[Site "Nefteyugansk RUS"]
[Date "2002.10.09"]
[Round "4"]
[White "Bocharov,D"]
[Black "Burmakin,V"]
[Result "1/2-1/2"]
[WhiteElo "2502"]
[BlackElo "2581"]

1.d4 d5 2.c4 c6 3.Nf3 Nf6 4.Nc3 a6 5.Qc2 b5 6.cxd5 cxd5 7.Bg5 Bb7 8.e3 Nbd7
9.Bd3 e6 10.O-O Be7 11.a4 b4 12.Nb1 a5 13.Nbd2 Rc8 14.Qd1 Ne4 15.Bxe7 Kxe7
16.Nb3 Qb6 17.Nfd2 Nxd2 18.Qxd2 Ba6 19.Bxa6 Qxa6 20.Rac1 h6 21.Nc5 Qd6 22.Nb3 Qa6
23.f3 Rc4 24.Qe2 Ra8 25.e4 Kf8 26.exd5 exd5 27.Rfe1 Kg8 28.Qe7 Rxc1 29.Rxc1 Qd3
30.Qxd7 Qxb3 31.Rc8+  1/2-1/2

[Event "TCh-SWE"]
[Site "Helsingborg SWE"]
[Date "2002.10.11"]
[Round "1"]
[White "Akvist,H"]
[Black "Bergstrom,P"]
[Result "0-1"]
[WhiteElo "2276"]
[BlackElo "2327"]

1.d4 d5 2.c4 c6 3.Nc3 Nf6 4.Nf3 a6 5.e3 b5 6.b3 Bg4 7.Be2 Nbd7 8.Ne5 Bxe2
9.Qxe2 Rc8 10.O-O e6 11.Bb2 Be7 12.Rad1 O-O 13.e4 dxc4 14.Nxd7 Nxd7 15.bxc4 Nb6
16.c5 Nc4 17.Bc1 Qa5 18.Rd3 e5 19.d5 Bxc5 20.Rg3 g6 21.Bh6 Rfe8 22.Qf3 Bf8
23.Bxf8 Rxf8 24.dxc6 Nd2 25.Qf6 Qd8 26.Qxe5 Nxf1 27.Kxf1 Rxc6 28.Nd5 Re8
29.Qf4 Qd6 30.Qh4 Qxd5  0-1

[Event "TCh-CZE 2002-3"]
[Site "Czech Rep CZE"]
[Date "2002.10.12"]
[Round "1"]
[White "Orsag,Mil1"]
[Black "Velicka,P"]
[Result "1/2-1/2"]
[WhiteElo "2392"]
[BlackElo "2426"]

1.d4 d5 2.Nf3 Nf6 3.c4 c6 4.Nc3 a6 5.a4 e6 6.e3 c5 7.Bd3 Nc6 8.O-O cxd4 9.exd4 Nb4
10.Be2 dxc4 11.Bxc4 Be7 12.Re1 O-O 13.Ne5 Bd7 14.Bg5 Bc6 15.Qb3 Bd5 16.Nxd5 Nfxd5
17.Bd2 Rc8 18.Rad1 Qd6 19.Bxb4 Nxb4 20.d5 exd5 21.Bxd5 Nxd5 22.Rxd5 Qb4 23.Qxb4 Bxb4
24.Red1 Rfe8 25.Nd3 Bf8 26.Kf1 Red8 27.Rxd8 Rxd8 28.Ke2 Rc8 29.Rc1 Rxc1 30.Nxc1 Bd6
31.h3 Kf8 32.Kd3 Be5 33.b3 Ke7 34.Kc4 Kd6 35.Nd3 Ba1 36.Nc5 Kc6 37.Ne4 h6
38.Ng3 g6 39.Ne2 b5+ 40.axb5+ axb5+ 41.Kd3 Kc5 42.f3 Be5 43.Ke4 Bb2 44.Kd3 Be5
45.Ke4  1/2-1/2

[Event "TCh-CZE 2002-3"]
[Site "Czech Rep CZE"]
[Date "2002.10.13"]
[Round "2"]
[White "Jaworski,Mi"]
[Black "Jirka,J"]
[Result "1-0"]
[WhiteElo "2345"]
[BlackElo "2370"]

1.d4 d5 2.c4 c6 3.Nf3 Nf6 4.Nc3 a6 5.e3 b5 6.b3 Bf5 7.Be2 h6 8.O-O e6 9.Bb2 Nbd7
10.a4 b4 11.Na2 a5 12.Nc1 Be7 13.Nd3 O-O 14.Nde5 Rc8 15.Rc1 Qb6 16.Bd3 Bxd3
17.Qxd3 Nxe5 18.Nxe5 Qa6 19.Rc2 dxc4 20.Qxc4 Qxc4 21.Nxc4 c5 22.Nxa5 cxd4
23.Nc6 Rxc6 24.Rxc6 dxe3 25.fxe3 Ng4 26.Bd4 Bg5 27.Rfc1 e5 28.Bb6 Nxe3 29.h4 Bf4
30.g3 Bxg3 31.Bxe3 Bxh4 32.a5 f5 33.Rc8 Bd8 34.Bb6 Rf6 35.Rxd8+  1-0

[Event "TCh-SWE"]
[Site "Helsingborg SWE"]
[Date "2002.10.13"]
[Round "3"]
[White "Nordstrom,F"]
[Black "Schneider,S"]
[Result "0-1"]
[WhiteElo "2176"]
[BlackElo "2319"]

1.d4 Nf6 2.c4 c6 3.Nc3 d5 4.Nf3 a6 5.c5 Bf5 6.Bf4 Nbd7 7.e3 e6 8.Bd3 Bxd3
9.Qxd3 Be7 10.O-O O-O 11.b4 Qc8 12.h3 Bd8 13.Bd6 Re8 14.Ne5 Bc7 15.Bxc7 Qxc7
16.f4 Rf8 17.a4 b5 18.Ra2 Rfb8 19.Rfa1 Qb7 20.Nxd7 Nxd7 21.e4 a5 22.exd5 exd5
23.axb5 axb4 24.bxc6 Qxc6 25.Nd1 Rxa2 26.Rxa2 b3 27.Ra6 Qc7 28.Qd2 Nf6 29.Nb2 Ne4
30.Qe3 h5 31.Ra3 Qb7 32.Kh2 Qb4 33.Ra1 Re8 34.Rc1 Qa3 35.Nd3 b2 36.Rf1 Rb8  0-1

[Event "FSFMA Oct"]
[Site "Budapest HUN"]
[Date "2002.10.14"]
[Round "10"]
[White "Szentmihalyi,T"]
[Black "Zilahi,G"]
[Result "1-0"]
[WhiteElo "2092"]
[BlackElo "2081"]

1.d4 d5 2.Nf3 Nf6 3.c4 c6 4.Nc3 a6 5.e3 b5 6.b3 e5 7.dxe5 Bb4 8.Bd2 Qa5 9.exf6 Bxc3
10.Bxc3 Qxc3+ 11.Nd2 Qxf6 12.cxd5 cxd5 13.Be2 O-O 14.O-O Ra7 15.Nf3 Rd8 16.Qd4 Qe7
17.Rac1 Rc7 18.Qb6 Rxc1 19.Rxc1 Bg4 20.Nd4 Bxe2 21.Nxe2 g6 22.Nd4 Re8 23.Qc5 Qe4
24.Rd1 Nd7 25.Qd6 Ne5 26.Qxa6 Nd3 27.Qxb5 Nxf2 28.Kxf2 Qxe3+ 29.Kf1 Re4 30.Qxd5 g5
31.Qd8+ Re8 32.Qf6 Re4 33.Qg7+ Kxg7 34.Nf5+ Kg6 35.Nxe3 Rxe3 36.b4 Re5 37.a4 Re4
38.Rb1 Kf6 39.a5  1-0

[Event "11th Saddam Hussein Cup"]
[Site "Bagdad IRQ"]
[Date "2002.10.20"]
[Round "?"]
[White "Abdulla,A"]
[Black "Sarsam,S"]
[Result "0-1"]
[WhiteElo "2278"]
[BlackElo "2409"]

1.d4 d5 2.c4 c6 3.Nf3 Nf6 4.Nc3 a6 5.e3 b5 6.b3 Bg4 7.Be2 e6 8.O-O Nbd7 9.Bb2 Be7
10.h3 Bh5 11.a4 b4 12.Nb1 a5 13.Nbd2 O-O 14.Rc1 Qb8 15.Bd3 Bg6 16.Bxg6 hxg6
17.Qc2 Rd8 18.Rfd1 Qb7 19.g4 c5 20.g5 Ne4 21.h4 Nxd2 22.Nxd2 cxd4 23.exd4 Qb8
24.Qd3 Qf4 25.Qg3 Bd6 26.Qxf4 Bxf4 27.c5 Nb8 28.Rc2 Nc6 29.Nf3 f6 30.Re2 Kf7
31.Rde1 Re8 32.Kg2 Re7 33.h5 gxh5 34.g6+ Kxg6 35.Rxe6 Rxe6 36.Rxe6 Rc8 37.Ne5+ Bxe5
38.dxe5 Kf7 39.Rd6 fxe5 40.Rxd5 Nd4 41.Bxd4 exd4  0-1

[Event "10th Chigorin Mem"]
[Site "St Petersburg RUS"]
[Date "2002.10.25"]
[Round "1"]
[White "Polovodin,I"]
[Black "Vysochin,S"]
[Result "1/2-1/2"]
[WhiteElo "2453"]
[BlackElo "2562"]

1.d4 d5 2.c4 c6 3.Nf3 Nf6 4.Nc3 a6 5.cxd5 cxd5 6.Bf4 Nc6 7.e3 Bg4 8.Be2 e6
9.O-O Bd6 10.Bg3 O-O 11.Rc1  1/2-1/2

[Event "10th Chigorin Mem"]
[Site "St Petersburg RUS"]
[Date "2002.10.26"]
[Round "2"]
[White "Pliasunov,A"]
[Black "Iskusnyh,S"]
[Result "1/2-1/2"]
[WhiteElo "2354"]
[BlackElo "2492"]

1.d4 d5 2.c4 c6 3.Nf3 Nf6 4.Nc3 a6 5.c5 Nbd7 6.Bf4 Nh5 7.e3 b6 8.cxb6 Nxf4
9.exf4 Qxb6 10.Rc1 e6 11.Bd3 c5 12.dxc5 Nxc5 13.O-O Bd6 14.f5 O-O 15.Bb1 Ra7
16.b4 Ne4 17.fxe6 Bxe6 18.Nxd5 Bxd5 19.Qxd5 Nf6 20.Qd4 Qxd4 21.Nxd4 Bxb4
22.Nc6 Rb7 23.Nxb4 Rxb4 24.Rc5  1/2-1/2

[Event "10th Chigorin Mem B"]
[Site "St Petersburg RUS"]
[Date "2002.10.26"]
[Round "2"]
[White "Pavlov,Al"]
[Black "Grachev,J"]
[Result "1-0"]
[WhiteElo "2301"]
[BlackElo "2395"]

1.d4 Nf6 2.c4 c6 3.Nf3 d5 4.Nc3 a6 5.e3 e6 6.Qc2 dxc4 7.Bxc4 b5 8.Bd3 Bb7
9.e4 c5 10.dxc5 Nc6 11.a3 Bxc5 12.e5 Ng4 13.Ne4 Ncxe5 14.Nxe5 Nxe5 15.Nxc5 Bxg2
16.Be4 Bxh1 17.Bxh1 Rc8 18.b4 Qh4 19.Qe4 Qf6 20.Rb1 Nc4 21.Rb3 O-O 22.Rh3 g6
23.Qf4 Qe7 24.Qh6 f5 25.Bg5 Qf7 26.Kf1 Rc7 27.Rd3 Ne5 28.Rd6 Ng4 29.Qh3 h6
30.Bd2 Rfc8 31.Bc3 a5 32.Qd3 axb4 33.axb4 Kh7 34.h3 Nf6 35.Qd4 Nh5 36.Bc6 g5
37.Bd7 Ra8 38.Bxe6 Qf8 39.Rd7+ Rxd7 40.Qxd7+ Kg6 41.Nd3 Nf6 42.Ne5+ Kh5 43.Bf7+ Kh4
44.Ng6+  1-0

[Event "Olympiad w"]
[Site "Bled SLO"]
[Date "2002.10.27"]
[Round "2"]
[White "Anhchimeg,B"]
[Black "Vijayalakshmi,S"]
[Result "1-0"]
[WhiteElo "2216"]
[BlackElo "2394"]

1.d4 d5 2.c4 c6 3.Nf3 Nf6 4.Nc3 a6 5.c5 Nbd7 6.Bf4 Nh5 7.e3 g6 8.Bd3 Bg7
9.O-O O-O 10.h3 Nxf4 11.exf4 Qc7 12.f5 b6 13.cxb6 Nxb6 14.fxg6 hxg6 15.Rc1 c5
16.a4 c4 17.Bc2 Qd6 18.Re1 Bf5 19.Bxf5 gxf5 20.Ne2 e6 21.Ng3 Nd7 22.Nh5 Nf6
23.Nxg7 Kxg7 24.Qd2 Nh7 25.Rc3 f4 26.Re5 f6 27.Rh5 Rad8 28.b3 cxb3 29.Rxb3 Rf7
30.a5 Rb8 31.Rxb8 Qxb8 32.Rh4 Rb7 33.Qd3 Nf8 34.Rg4+ Kf7 35.Qxa6 Rb5 36.Kh2 Rb2
37.Qf1 Ng6 38.a6 Ra2 39.h4 Ne7 40.Qc1 Rxa6 41.Qxf4 Qxf4+ 42.Rxf4 Kg6 43.h5+ Kg7
44.g4 Ng8 45.Ne1 Nh6 46.Nd3 Nf7 47.Nc5 Rc6 48.Nd7 e5 49.dxe5 fxe5 50.Rxf7+  1-0

[Event "IM It"]
[Site "Rosny sous Bois FRA"]
[Date "2002.10.27"]
[Round "2"]
[White "Spielmann,Al"]
[Black "Velikov,P"]
[Result "1-0"]
[WhiteElo "2308"]
[BlackElo "2431"]

1.d4 d5 2.c4 c6 3.Nf3 Nf6 4.Nc3 a6 5.cxd5 cxd5 6.Bg5 Ne4 7.Bh4 Qa5 8.Qb3 e6
9.Ng5 Nxc3 10.bxc3 Be7 11.Nf3 Bxh4 12.Nxh4 O-O 13.e3 Bd7 14.Be2 Ba4 15.Qb2 Rc8
16.O-O Nc6 17.f4 g6 18.g4 Bb5 19.f5 Qd8 20.Nf3 exf5 21.gxf5 Bxe2 22.Qxe2 Qe7
23.Rae1 Re8 24.Qg2 Rad8 25.Ng5 Rd7 26.f6 Qd6 27.Rf4 h6 28.Rh4 hxg5 29.Qxg5 Qf8
30.e4 Rxe4 31.Rexe4 dxe4 32.Qg4 Nxd4 33.cxd4 Qd6 34.Qxe4 Rd8 35.Qe7 Qd7 36.Qe3 Qf5
37.Rh8+ Kxh8 38.Qh6+ Kg8 39.Qg7+  1-0

[Event "Olympiad w"]
[Site "Bled SLO"]
[Date "2002.10.28"]
[Round "3"]
[White "Zhukova,N"]
[Black "Peng Zhaoqin"]
[Result "1/2-1/2"]
[WhiteElo "2436"]
[BlackElo "2443"]

1.d4 Nf6 2.c4 c6 3.Nf3 d5 4.Nc3 a6 5.c5 Nbd7 6.h3 g6 7.Bf4 Bg7 8.e3 O-O 9.Rc1 Ne8
10.Be2 Nc7 11.O-O Re8 12.Na4 Nb5 13.Qb3 h6 14.Rfd1 Kh7 15.Ne5 Nxe5 16.dxe5 Be6
17.Nb6 Rb8 18.a4 Nc7 19.Qb4 Rf8 20.Bf3 Qe8 21.Rd2 Na8 22.Nxa8 Rxa8 23.Qxb7 Qb8
24.Qxb8 Rfxb8 25.Bd1 a5 26.g4 Rb4 27.Bg3 Ra7 28.f4 f6 29.exf6 Bxf6 30.b3 Re4
31.Rd3 h5 32.Bf3 Rb4 33.Be1 Rb8 34.e4 dxe4 35.Bxe4 hxg4 36.hxg4 Bxg4 37.Bxc6 Bf5
38.Rg3 Bh4 39.Re3 Bf6 40.Bf2 g5 41.Be4 Bxe4 42.Rxe4 Rxb3 43.c6 Rc7 44.fxg5 Bxg5
45.Rc5 Bf6 46.Rg4 e5 47.Kg2 Rb8 48.Rc1 Bg7 49.Be1 Ra8 50.Rc5 Ra6 51.Rgc4 Bf8
52.Bxa5 Rg7+ 53.Kf3 Bxc5 54.Rxc5 Kg6 55.c7 Rxc7 56.Bxc7 Rxa4 57.Bxe5 Kf5
58.Bd4+ Ke6 59.Ke4 Kd7 60.Kd5 Ra8 61.Be5 Ra7 62.Rb5 Ke7 63.Rb6 Ra5+ 64.Ke4 Kd7
65.Kf5 Rc5 66.Ke4 Ra5 67.Rd6+ Ke7 68.Kf5 Rc5 69.Ra6 Kd7 70.Ra7+ Kc6 71.Ke6 Rc4
72.Ra8 Rc5 73.Bd6 Rc4 74.Rc8+ Kb5 75.Rb8+ Kc6 76.Ke5 Rh4 77.Rc8+ Kb7 78.Rc7+ Kb6
79.Rc1 Rh2 80.Ke6 Rd2 81.Kd7 Kb5 82.Rc5+ Kb6 83.Rc4 Rb2 84.Rc8 Rb5 85.Rc7 Rh5
86.Rc1 Rh7+ 87.Be7 Kb5 88.Rc5+ Kb6 89.Rc4 Rh5 90.Bd8+ Kb5 91.Rc8 Rc5 92.Ra8 Rd5+
93.Ke6 Rd1 94.Be7 Re1+ 95.Kd7 Kc4 96.Ra4+ Kd5 97.Ra5+ Ke4 98.Bd6 Kd4 99.Rh5 Re2
100.Kc6 Ke4 101.Rh4+ Kf3 102.Rf4+ Ke3 103.Rf1 Ke4 104.Bc5 Ke5 105.Rf7 Ke4
106.Re7+  1/2-1/2

[Event "Olympiad"]
[Site "Bled SLO"]
[Date "2002.10.28"]
[Round "3"]
[White "Molina,Jo"]
[Black "Alqudaimi,B"]
[Result "0-1"]
[WhiteElo "2258"]
[BlackElo "2237"]

1.d4 d5 2.c4 c6 3.Nf3 Nf6 4.Nc3 a6 5.cxd5 cxd5 6.Bf4 Nc6 7.e3 Bg4 8.h3 Bxf3
9.Qxf3 e6 10.Bd3 Bd6 11.Rc1 Rc8 12.O-O b5 13.Nxb5 Bxf4 14.Qxf4 axb5 15.Bxb5 O-O
16.Rxc6 Rxc6 17.Bxc6 Qb6 18.Ba4 Qxb2 19.Bb3 Rc8 20.Qd6 h6 21.Qa6 Rc3 22.Qa4 g6
23.Qa7 Ne4 24.Qb8+ Kg7 25.Qe5+ Kh7 26.Qf4 Kg7 27.Qe5+ Kg8 28.Qb8+ Kh7 29.Qf4 Kg7
30.Qe5+ Kh7 31.Qf4 f5 32.Qe5 Rc1 33.Bd1 Nd2 34.Qxe6 Qb7 35.Re1 Ne4 36.Rf1 Nc3
37.h4 h5 38.g4 Nxd1 39.gxf5 Rc6 40.Qxd5 gxf5 41.Kh2 Nxe3 42.Rb1 Qc7+ 43.Qe5 Nc2
44.Re1  0-1

[Event "10th Chigorin Mem"]
[Site "St Petersburg RUS"]
[Date "2002.10.28"]
[Round "4"]
[White "Ulko,J"]
[Black "Zimina,O"]
[Result "1-0"]
[WhiteElo "2472"]
[BlackElo "2376"]

1.d4 d5 2.c4 c6 3.Nf3 Nf6 4.Nc3 a6 5.c5 Nbd7 6.Bf4 Nh5 7.Be5 f6 8.Bg3 e5
9.e4 Nxg3 10.hxg3 dxe4 11.Nxe4 exd4 12.Qe2 Qe7 13.b4 a5 14.Nxd4 Kd8 15.Nd6 Qxe2+
16.Bxe2 Bxd6 17.cxd6 Ne5 18.b5 c5 19.Nf3 Nf7 20.b6 Nxd6 21.O-O-O Ke7 22.Rhe1 Be6
23.Ng5 fxg5 24.Bg4 h5 25.Rxe6+ Kf7 26.Rexd6 hxg4 27.Rd7+ Kf6 28.Rxb7 a4 29.Rc7 a3
30.b7 Rab8 31.Rdd7 Rhe8 32.Rf7+ Ke6 33.Rxg7 Kd6 34.Kd2 Rf8 35.Rcf7 Rfd8 36.Kc3 Kc6
37.Rxg5 Rd1 38.Rg6+ Kb5 39.Kb3 Rbd8 40.b8=Q+ Rxb8 41.Ra7 Rbd8 42.Rb7+ Ka5
43.Rgg7 c4+ 44.Kxa3 R8d3+ 45.Kb2 c3+ 46.Kb3 Rb1+ 47.Kc2 Rbd1 48.Ra7+ Kb6
49.Rgb7+ Kc6 50.Rc7+ Kb6 51.Rab7+ Ka6 52.Rb4 R1d2+ 53.Kb3 Rb2+ 54.Kc4 Rdd2
55.Kc5 Rxb4 56.Kxb4 Rxf2 57.Rxc3 Rxg2 58.a4 Kb6 59.Ra3 Rc2 60.Rd3 Rg2 61.Kc4  1-0

[Event "Open"]
[Site "Le Touquet FRA"]
[Date "2002.10.29"]
[Round "4"]
[White "Levers,T"]
[Black "Philippe,C"]
[Result "0-1"]
[WhiteElo "2065"]
[BlackElo "2313"]

1.d4 d5 2.Nf3 Nf6 3.c4 c6 4.Nc3 a6 5.Ne5 g6 6.Bf4 Bg7 7.e3 O-O 8.Be2 Nbd7
9.cxd5 Nxd5 10.Nxd7 Bxd7 11.Nxd5 cxd5 12.O-O Qb6 13.Qd2 f6 14.Bg3 Bc6 15.Bg4 Kh8
16.f4 e6 17.h4 Rae8 18.h5 gxh5 19.Bxh5 Re7 20.Rac1 Rg8 21.Bh4 Be8 22.Bf3 Rc7
23.Rxc7 Qxc7 24.Rc1 Bc6 25.Bg3 Bh6 26.Kf2 Qg7 27.Bh2 Qg6 28.Qc2 Qf7 29.Rh1 Rc8
30.Rc1 Qg7 31.Bg3 e5 32.Bxd5 exd4 33.exd4 Qd7 34.Qe4 f5 35.Qe6 Qd8 36.Rc3 Bg7
37.Bxc6 Bxd4+ 38.Kf1 Bxc3 39.bxc3 Rxc6 40.Qxf5 Qd1+ 41.Be1 Kg8 42.Qe5 Qd7
43.Kg1 Re6 44.Qg5+ Rg6 45.Qe5 Qc6 46.Qe2 Kf7 47.c4 Qe6 48.Qf1 Qe3+ 49.Qf2 Re6
50.Bd2 Qxf2+ 51.Kxf2 Re4 52.c5 Ra4 53.Kf3 Ra3+ 54.Kg4 Rxa2 55.Bc3 Rxg2+ 56.Kf5 h5  0-1

[Event "10th Chigorin Mem"]
[Site "St Petersburg RUS"]
[Date "2002.10.29"]
[Round "5"]
[White "Ionov,S"]
[Black "Najer,E"]
[Result "1/2-1/2"]
[WhiteElo "2538"]
[BlackElo "2579"]

1.d4 d5 2.c4 c6 3.Nf3 Nf6 4.Nc3 a6 5.cxd5 cxd5 6.Bg5 Ne4 7.Bh4 Qa5 8.e3 Nxc3
9.Qd2 Bf5 10.Qxc3 Qxc3+ 11.bxc3 e6 12.Kd2 Nc6 13.Bd3 Na5 14.Bg3 Ba3 15.Bxf5 exf5
16.Ne5 Ke7 17.Rab1 Rac8 18.f3 f6 19.Nd3 Nc4+ 20.Ke2 b5 21.Nb4 Bxb4 22.Rxb4 Kd7
23.Kd3 Rhe8 24.Re1 Re6 25.Rbb1 Rce8 26.Bf2 Kc6 27.Re2 R6e7 28.Ree1 g5 29.Rbc1 Kd7
30.Re2 h5 31.Rce1 Re6 32.Rc2 f4 33.Rce2 fxe3 34.Bxe3 h4 35.Bc1 Rxe2 36.Rxe2 Rxe2
37.Kxe2 Ke6 38.g4 hxg3 39.hxg3 Nd6 40.g4 Nc4 41.Kd3 Ke7 42.Ke2  1/2-1/2

[Event "Olympiad"]
[Site "Bled SLO"]
[Date "2002.10.31"]
[Round "6"]
[White "Minero Pineda,S"]
[Black "Jiravorasuk,B"]
[Result "1-0"]
[WhiteElo "2396"]
[BlackElo "2255"]

1.Nf3 d5 2.d4 Nf6 3.c4 c6 4.Nc3 a6 5.g3 dxc4 6.Bg2 b5 7.Ne5 Bb7 8.O-O e6
9.a4 Qc8 10.Bg5 Nbd7 11.Nxd7 Nxd7 12.e4 h6 13.Be3 Nf6 14.e5 Nd5 15.Ne4 Be7
16.Qg4 g6 17.h4 h5 18.Qe2 Kf8 19.Bg5 Bxg5 20.hxg5 Kg7 21.Nd6 Qd7 22.Be4 h4
23.Qg4 hxg3 24.Bxd5 cxd5 25.fxg3 Raf8 26.axb5 Rh7 27.bxa6 Bc6 28.Kg2 Qa7
29.Qf4 Kg8 30.Rh1 Rb8 31.Qf2 Rxh1 32.Rxh1 Qe7 33.Kg1 Qa7 34.Rh4  1-0

[Event "6th OIBM"]
[Site "Bad Wiessee GER"]
[Date "2002.11.01"]
[Round "7"]
[White "Bromberger,S"]
[Black "Slobodjan,R"]
[Result "1/2-1/2"]
[WhiteElo "2414"]
[BlackElo "2521"]

1.d4 d5 2.c4 c6 3.Nf3 Nf6 4.Nc3 a6 5.e3 e6 6.Qc2 Nbd7 7.b3 b6 8.Bd3 Bb7 9.O-O Be7
10.Bb2 c5 11.cxd5 exd5 12.Ne5 O-O 13.Nxd7 Qxd7 14.dxc5 bxc5 15.e4 dxe4 16.Nxe4 Nxe4
17.Bxe4 Bxe4 18.Qxe4 Rfe8 19.Qc4 Bf8 20.Rad1  1/2-1/2

[Event "10th Chigorin Mem"]
[Site "St Petersburg RUS"]
[Date "2002.11.01"]
[Round "7"]
[White "Hasangatin,R"]
[Black "Najer,E"]
[Result "1/2-1/2"]
[WhiteElo "2524"]
[BlackElo "2579"]

1.Nf3 d5 2.d4 Nf6 3.c4 c6 4.Nc3 a6 5.cxd5 cxd5 6.Bf4 Nc6 7.e3 Bg4 8.Be2 e6
9.O-O Be7 10.Ne5 Bxe2 11.Qxe2 Rc8 12.Rfc1 O-O 13.Qd1 Na5 14.Na4 Nc4 15.b3 Nxe5
16.Bxe5 Ba3 17.Rxc8 Qxc8 18.Bxf6 gxf6 19.Nc5 b6 20.Qg4+ Kh8 21.Qh4 bxc5  1/2-1/2

[Event "Blue Autumn"]
[Site "Bucharest ROM"]
[Date "2002.11.02"]
[Round "11"]
[White "Manolache,M"]
[Black "Murariu,A"]
[Result "1/2-1/2"]
[WhiteElo "2437"]
[BlackElo "2395"]

1.d4 d5 2.c4 c6 3.Nf3 Nf6 4.Nc3 a6 5.c5 Nbd7 6.Bf4 Nh5 7.e3 Nxf4 8.exf4 Qc7
9.Qd2 g6 10.Bd3 Bh6 11.g3 f6 12.Qe2 b6 13.cxb6 Nxb6 14.f5 gxf5 15.Nh4 O-O
16.Qh5 Bg7 17.Nxf5 e5 18.dxe5 fxe5 19.Ne7+ Qxe7 20.Bxh7+ Kh8 21.Be4+ Kg8
22.Bh7+ Kh8 23.Be4+ Kg8 24.Nxd5 Nxd5 25.Qh7+ Kf7 26.Qg6+ Kg8 27.Qh7+  1/2-1/2

[Event "10th Chigorin Mem"]
[Site "St Petersburg RUS"]
[Date "2002.11.02"]
[Round "8"]
[White "Pliasunov,A"]
[Black "Zontakh,A"]
[Result "1/2-1/2"]
[WhiteElo "2354"]
[BlackElo "2503"]

1.d4 d5 2.c4 c6 3.Nf3 Nf6 4.Nc3 a6 5.a4 e6 6.Bg5 Nbd7 7.e3 Qa5 8.Nd2 Bb4
9.Qc2 O-O 10.Nb3 Qc7 11.cxd5 exd5 12.Bf4 Bd6 13.Bg3 Re8 14.Bd3 Nf8 15.a5 Ne6
16.Na4 Nf4 17.Nb6 Rb8 18.Nc5 Bg4 19.Bxf4 Bxf4 20.Kd2 Bd6 21.h3 Bh5 22.g4 Bg6
23.b4 Re7 24.Kc1 Rbe8 25.Kb2 Bxd3 26.Nxd3 Ne4 27.Rae1 Re6 28.h4 Qe7 29.Kb3 Rf8
30.Na4 f5 31.g5 f4 32.Nac5 Nxc5+ 33.dxc5 Bc7 34.exf4 Bxf4 35.Rxe6 Qxe6 36.Re1 Qh3
37.Qe2 Bc7 38.Kc2 Bd8 39.f4 Qf5 40.Qe6+ Qxe6 41.Rxe6 Bc7 42.Re7 Rf7 43.Re8+ Rf8
44.Re7 Rf7  1/2-1/2

[Event "Olympiad"]
[Site "Bled SLO"]
[Date "2002.11.05"]
[Round "10"]
[White "Minero Pineda,S"]
[Black "Granara Barreto,S"]
[Result "1-0"]
[WhiteElo "2396"]
[BlackElo "2315"]

1.Nf3 d5 2.d4 Nf6 3.c4 c6 4.Nc3 a6 5.c5 Bf5 6.e3 Nbd7 7.Be2 e6 8.Nh4 Be7
9.O-O O-O 10.Nxf5 exf5 11.Qc2 g6 12.b4 Qc7 13.Bd2 Ne4 14.a4 Nxd2 15.Qxd2 Nf6
16.g3 Rfb8 17.b5 axb5 18.axb5 cxb5 19.Bxb5 Bd8 20.Qb2 f4 21.exf4 Rxa1 22.Rxa1 Qc8
23.Re1 Kg7 24.Qb3 Ba5 25.Re5 Ng4 26.Re8 Qxe8 27.Bxe8 Rxe8 28.h3 Re1+ 29.Kg2 Nf6
30.Nxd5 Ne4 31.Qxb7 Rd1 32.Qe7 Nc3 33.Qe5+ Kg8 34.Nf6+  1-0

[Event "Olympiad w"]
[Site "Bled SLO"]
[Date "2002.11.06"]
[Round "11"]
[White "Vasilevich,T"]
[Black "Dembo,Y"]
[Result "1/2-1/2"]
[WhiteElo "2415"]
[BlackElo "2375"]

1.d4 d5 2.c4 c6 3.Nf3 Nf6 4.Nc3 a6 5.Qb3 e6 6.Bg5 Be7 7.e3 O-O 8.Be2 b5 9.cxb5 cxb5
10.O-O Nc6 11.Rfc1 Bb7 12.Bxf6 Bxf6 13.a4 Na5 14.Qd1 b4 15.Nb1 Qb6 16.Nbd2 Rac8
17.Nb3 Nxb3 18.Qxb3 a5 19.Ne1 Be7 20.Qd1  1/2-1/2

[Event "FSIM Nov"]
[Site "Budapest HUN"]
[Date "2002.11.09"]
[Round "8"]
[White "Schneider,At"]
[Black "Papp,Ge"]
[Result "0-1"]
[WhiteElo "2337"]
[BlackElo "2275"]

1.d4 d5 2.Nf3 Nf6 3.c4 c6 4.Nc3 a6 5.e3 b5 6.b3 Bg4 7.Bb2 e6 8.Bd3 Nbd7 9.Qc2 Rc8
10.c5 Bxf3 11.gxf3 e5 12.Bf5 exd4 13.exd4 g6 14.O-O-O Bh6+ 15.Kb1 gxf5 16.Rde1+ Kf8
17.Qxf5 Rg8 18.Rhg1 Rg6 19.Qh3 Kg7 20.Ne2 Qc7 21.Ng3 Kh8 22.Nf5 Bf8 23.Rg3 Re8
24.Reg1 Qa5 25.Qf1 Rxg3 26.Nxg3 Qd2 27.Bc1 Qc3 28.Bb2 Qxf3  0-1

[Event "Last Autumn GM"]
[Site "Tel Aviv ISR"]
[Date "2002.11.10"]
[Round "7"]
[White "Gerzhoy,L"]
[Black "Deutsch,E"]
[Result "1/2-1/2"]
[WhiteElo "2389"]
[BlackElo "2272"]

1.Nf3 d5 2.d4 c6 3.c4 Nf6 4.Nc3 a6 5.a4 dxc4 6.e3 Bg4 7.Bxc4 e6 8.h3 Bh5
9.O-O Nbd7 10.e4 b5 11.Be2 b4 12.e5 bxc3 13.exf6 cxb2 14.fxg7 Bxg7 15.Bxb2 O-O
16.Ba3 Re8 17.Rc1 Qb6 18.Qc2 Rec8 19.Qc4 Bg6 20.Rfd1 Qa5 21.Qb4 Qxb4 22.Bxb4 a5
23.Be1 Nb6 24.Rc5 Nxa4 25.Rxa5 Rxa5 26.Bxa5 Ra8 27.Bd2 c5 28.dxc5  1/2-1/2

[Event "40th Ann Open"]
[Site "Curacao AHO"]
[Date "2002.11.23"]
[Round "5"]
[White "Ligterink,G"]
[Black "Gallegos,Ca"]
[Result "1-0"]
[WhiteElo "2401"]
[BlackElo "2432"]

1.d4 d5 2.c4 c6 3.Nf3 Nf6 4.Nc3 a6 5.a4 Bf5 6.Qb3 Ra7 7.Bg5 e6 8.Bxf6 gxf6
9.e3 Qa5 10.c5 e5 11.Be2 Nd7 12.O-O Be6 13.Qc2 e4 14.Nh4 f5 15.f3 Qd8 16.fxe4 fxe4
17.g3 Qg5 18.Ng2 h5 19.Rf4 h4 20.Rxh4 Rxh4 21.gxh4 Qg6 22.Kh1 Bh6 23.Rg1 Qf5
24.Qd2 Ra8 25.Qe1 Ke7 26.Qg3 Rh8 27.Rf1 Qh7 28.Bg4 Bxg4 29.Qxg4 Rg8 30.Qh3 Qg6
31.Ne2 Nf6 32.Ng3 Bf8 33.Qc8  1-0

[Event "Kubanskaja Osen"]
[Site "Krasnodar RUS"]
[Date "2002.11.24"]
[Round "10"]
[White "Poluljahov,A"]
[Black "Maiorov,O"]
[Result "1/2-1/2"]
[WhiteElo "2501"]
[BlackElo "2458"]

1.d4 Nf6 2.Nf3 d5 3.c4 c6 4.Nc3 a6 5.g3 b5 6.c5 g6 7.Bg2 Bg7 8.O-O O-O 9.Ne5 Be6
10.Bf4 Qc8 11.Re1 Rd8 12.Qd2 Nbd7 13.Nxd7 Qxd7 14.Be5 Ne8 15.Bxg7 Kxg7 16.b4 Nc7
17.a4 f6 18.Ra3 Bh3 19.Rea1 Bxg2 20.Kxg2 a5 21.Na2 axb4 22.Nxb4 bxa4 23.Rxa4 Rxa4
24.Rxa4 Nb5 25.Ra6 Rc8 26.Qd3 Na7 27.Rb6  1/2-1/2

[Event "ch-ISR"]
[Site "Tel Aviv ISR"]
[Date "2002.11.26"]
[Round "2"]
[White "Gershon,A"]
[Black "Kundin,A"]
[Result "1-0"]
[WhiteElo "2562"]
[BlackElo "2429"]

1.d4 d5 2.c4 c6 3.Nf3 Nf6 4.Nc3 a6 5.a4 e6 6.Bg5 Nbd7 7.cxd5 exd5 8.e3 a5
9.Bd3 Be7 10.Qc2 O-O 11.O-O Re8 12.Rae1 Nf8 13.Ne5 Ng4 14.Bxe7 Rxe7 15.f4 f6
16.Nxg4 Bxg4 17.Qf2 Bh5 18.Kh1 Bf7 19.g4 Qd6 20.Rg1 g6 21.h4 Rae8 22.Rg3 c5
23.Nb5 Qb6 24.Rf1 cxd4 25.exd4 Kh8 26.Rfg1 Ne6 27.f5 Ng7 28.Qf4 gxf5 29.Qh6 Re1
30.g5 Nh5 31.Rxe1 Nxg3+ 32.Kh2 Rxe1 33.g6 Rh1+ 34.Kg2  1-0

[Event "ch-ISR"]
[Site "Tel Aviv ISR"]
[Date "2002.11.29"]
[Round "5"]
[White "Greenfeld,A"]
[Black "Gofshtein,Z"]
[Result "1/2-1/2"]
[WhiteElo "2553"]
[BlackElo "2519"]

1.Nf3 Nf6 2.c4 c6 3.Nc3 d5 4.d4 a6 5.a4 e6 6.Bg5 Be7 7.a5 Nbd7 8.e3 O-O 9.Be2 dxc4
10.Bxc4 c5 11.dxc5 Nxc5 12.Qe2 Nfe4 13.Bxe7 Qxe7 14.Nxe4 Nxe4 15.O-O Bd7
16.Ne5 Rfd8 17.Nxd7 Rxd7 18.Rfd1 Rad8 19.Qc2 Nf6 20.Be2 g6 21.Rxd7 Rxd7 22.Bf3 e5
23.g3 Qb4 24.Qc3 Qxc3 25.bxc3 e4 26.Bg2 Kf8 27.g4 h6 28.h3 Rc7 29.Rb1 Ke7
30.Rb4 Kd7 31.h4 g5  1/2-1/2